Toldrá hijo predilecto de Villanueva y Geltrú / por Miquel Ansón
Publicado:
San Jorge, núm. 89 (1r trimestre 1973), pàg 43 - 44 :
MARC
| LEADER | 00000nam a2200000Ia 4500 | ||
|---|---|---|---|
| 001 | |||
| 008 | 160829s9999 xx 000 0 cat d | ||
| 100 | |a Ansón, Miguel |9 21597 | ||
| 245 | |a Toldrá hijo predilecto de Villanueva y Geltrú / por Miquel Ansón | ||
| 260 | |a San Jorge, núm. 89 (1r trimestre 1973), pàg 43 - 44 | ||
| 650 | |a Toldrà Eduard |9 41833 | ||
| 650 | 0 | |a Homenatges |9 21383 | |
| 651 | 0 | |a Vilanova i la Geltrú |9 50831 | |
| 901 | |a Arxiu | ||
| 942 | |n 1 | ||
| 952 | |0 0 |1 0 |4 0 |7 1 |9 50499 |a Arxiu |b Arxiu |d 2016-12-01 |l 0 |r 2016-12-01 00:00:00 |w 2016-12-01 |y ARXIU | ||
| 999 | |c 54341 |d 54341 | ||